[Event "Panama op 3rd"]
[Site "Panama City"]
[Date "2013.11.02"]
[Round "4"]
[White "Osorio Hatem, Jose Eustaquio"]
[Black "Prasca Sosa, Rafael Felipe"]
[Result "0-1"]
[WhiteElo "1934"]
[BlackElo "2420"]
[PlyCount "88"]
[EventDate "2013.10.30"]
[EventType "swiss"]
[EventRounds "9"]
[EventCountry "PAN"]
[SourceTitle "EXT 2014"]
[Source "ChessBase"]
[SourceDate "2013.11.20"]
[SourceVersion "1"]
[SourceVersionDate "2013.11.20"]
[SourceQuality "1"]

1. e4 c5 2. Nf3 e6 3. d4 cxd4 4. Nxd4 Nc6 5. Nc3 Qc7 6. g3 a6 7. Bg2 Nf6 8. 0-0 h5 9. Bg5 Bc5 10. Nxc6 bxc6 11. Na4 Ba7 12. c4 d6 13. Qe2 e5 14. Kh1 h4 15. Bxf6 gxf6 16. g4 h3 17. Bf3 Bd4 18. Rad1 Be6 19. Nc3 Qb6 20. Na4 Qb4 21. b3 Ke7 22. Rxd4 exd4 23. Nb2 Rag8 24. Nd3 Qa5 25. Nf4 Qg5 26. Nxe6 fxe6 27. Rg1 c5 28. Rg3 Rg7 29. Rg1 a5 30. Rg3 Qc1+ 31. Rg1 Qc3 32. Rd1 Rg5 33. Rd3 Qc1+ 34. Rd1 Qf4 35. Rd3 Re5 36. Qd2 Qxd2 37. Rxd2 f5 38. Be2 fxe4 39. Kg1 e3 40. fxe3 Rxe3 41. Bf1 e5 42. Rd3 e4 43. Rd2 Rg8 44. Be2 Rf8 0-1

[Event "Panama op 3rd"]
[Site "Panama City"]
[Date "2013.10.31"]
[Round "2"]
[White "Osorio Hatem, Jose Eustaquio"]
[Black "Ferrara, Alexis"]
[Result "0-1"]
[WhiteElo "1934"]
[BlackElo "2166"]
[PlyCount "111"]
[EventDate "2013.10.30"]
[EventType "swiss"]
[EventRounds "9"]
[EventCountry "PAN"]
[SourceTitle "EXT 2014"]
[Source "ChessBase"]
[SourceDate "2013.11.20"]
[SourceVersion "1"]
[SourceVersionDate "2013.11.20"]
[SourceQuality "1"]

1. e4 c5 2. Nf3 d6 3. d4 cxd4 4. Nxd4 Nf6 5. Nc3 g6 6. Be3 Bg7 7. Be2 Nc6 8. Qd2 Ng4 9. Bxg4 Bxg4 10. f3 Bd7 11. Nxc6 bxc6 12. Bd4 0-0 13. h4 h5 14. Bxg7 Kxg7 15. 0-0-0 Qa5 16. Qd4+ f6 17. Qa4 Qe5 18. Qd4 a5 19. Qxe5 fxe5 20. a4 Rab8 21. b3 Rb4 22. Rd3 Rd4 23. Rhd1 Rxd3 24. Rxd3 Kf6 25. Kd2 Rg8 26. Ke3 Be6 27. Rd2 Rd8 28. g3 d5 29. exd5 cxd5 30. Ne4+ Kf5 31. Ng5 Bg8 32. Rf2 Rc8 33. Kd2 d4 34. Ne4 Bd5 35. Re2 Bxe4 36. Rxe4 Rc3 37. g4+ hxg4 38. Rxg4 Rxf3 39. Rg5+ Kf6 40. Rg4 Rh3 41. Ke2 Kf5 42. Rg5+ Kf4 43. Rxg6 Rxh4 44. Kd3 Rh3+ 45. Ke2 e4 46. Rg2 Rc3 47. Kd1 d3 48. cxd3 exd3 49. Rg7 e5 50. Kd2 Rxb3 51. Rf7+ Ke4 52. Rh7 Rb2+ 53. Kd1 Ke3 54. Rh3+ Kd4 55. Kc1 Ra2 56. Kb1 0-1

[Event "Vitoria Cup"]
[Site "Vitoria"]
[Date "2013.06.01"]
[Round "5"]
[White "Cardoso, Josielton Oliveira"]
[Black "Osorio Hatem, Jose Eustaquio"]
[Result "1-0"]
[WhiteElo "1800"]
[BlackElo "1944"]
[PlyCount "95"]
[EventDate "2013.05.30"]
[EventType "swiss"]
[EventRounds "7"]
[EventCountry "BRA"]
[SourceTitle "CBM 154 Extra"]
[Source "ChessBase"]
[SourceDate "2013.06.25"]
[SourceVersion "2"]
[SourceVersionDate "2013.06.25"]
[SourceQuality "1"]

1. e4 c5 2. Nf3 d6 3. Be2 Nc6 4. c3 Nf6 5. d3 e5 6. 0-0 Be7 7. Nbd2 0-0 8. Qc2 b5 9. Rd1 Bb7 10. Nf1 d5 11. exd5 Nxd5 12. c4 Ndb4 13. Qb1 bxc4 14. dxc4 Nd4 15. Nxd4 exd4 16. a3 Na6 17. Bf4 Bd6 18. Qf5 g6 19. Qg4 f5 20. Qg3 Bxf4 21. Qxf4 Re8 22. Bf3 Bxf3 23. Qxf3 Qd6 24. Re1 Rab8 25. Rxe8+ Rxe8 26. Qd3 Nb8 27. b4 Nc6 28. bxc5 Qxc5 29. Rd1 a5 30. h3 Kf7 31. Nd2 Ne5 32. Qb3 Re7 33. Qb5 Qxa3 34. Qd5+ Kf6 35. Qxd4 Qd3 36. Qb6+ Re6 37. Qxa5 Nxc4 38. Qa1+ Kf7 39. Nf3 Ra6 40. Ng5+ Kg8 41. Qc1 Qb3 42. Rd8+ Kg7 43. Rd7+ Kg8 44. Rd8+ Kg7 45. Qf4 Qb5 46. Qc7+ Kh6 47. Nf7+ Kh5 48. Qf4 1-0

[Event "Vitoria Cup"]
[Site "Vitoria"]
[Date "2013.05.31"]
[Round "4"]
[White "Osorio Hatem, Jose Eustaquio"]
[Black "Silva, Valdecir Batista"]
[Result "1-0"]
[WhiteElo "1944"]
[BlackElo "1888"]
[PlyCount "73"]
[EventDate "2013.05.30"]
[EventType "swiss"]
[EventRounds "7"]
[EventCountry "BRA"]
[SourceTitle "CBM 154 Extra"]
[Source "ChessBase"]
[SourceDate "2013.06.25"]
[SourceVersion "2"]
[SourceVersionDate "2013.06.25"]
[SourceQuality "1"]

1. e4 d6 2. d4 Nf6 3. Nc3 g6 4. Nge2 Bg7 5. h3 0-0 6. g4 c5 7. Bg2 cxd4 8. Nxd4 Nc6 9. Be3 Ne5 10. b3 a6 11. 0-0 h5 12. g5 Nh7 13. f4 Nc6 14. Qd2 Nxd4 15. Bxd4 e5 16. Be3 exf4 17. Bxf4 Be6 18. Rad1 Qa5 19. Nd5 Qxa2 20. Bxd6 Rfd8 21. e5 Bxd5 22. Bxd5 Rac8 23. Bxf7+ Kh8 24. Bxg6 Nf8 25. Qe2 Nxg6 26. Qxh5+ Kg8 27. Qxg6 Qxc2 28. Qe6+ Kh8 29. Rc1 Qxc1 30. Rxc1 Rxc1+ 31. Kg2 Rdc8 32. Kf3 b5 33. h4 R1c6 34. h5 Bf8 35. h6 R8c7 36. Qf6+ Kg8 37. Qxf8+ 1-0

[Event "Vila Velha Espirito Santo-ch 3rd"]
[Site "Vila Velha"]
[Date "2012.05.26"]
[Round "1"]
[White "De Souza Filho, Namyr Carlos"]
[Black "Osorio Hatem, Jose Eustaquio"]
[Result "1-0"]
[WhiteElo "2132"]
[BlackElo "1923"]
[PlyCount "79"]
[EventDate "2012.05.26"]
[EventType "swiss"]
[EventRounds "5"]
[EventCountry "BRA"]
[SourceTitle "EXT 2013"]
[Source "ChessBase"]
[SourceDate "2012.11.22"]
[SourceVersion "1"]
[SourceVersionDate "2012.11.22"]
[SourceQuality "1"]

1. d4 Nf6 2. Nf3 g6 3. Nbd2 Bg7 4. b3 0-0 5. Bb2 d5 6. c4 c6 7. g3 Bf5 8. Bg2 Na6 9. h3 Nc7 10. 0-0 Rc8 11. Ne5 h5 12. Kh2 Bh6 13. e3 dxc4 14. bxc4 Nce8 15. e4 Be6 16. f4 Ng7 17. g4 hxg4 18. hxg4 g5 19. f5 Bd7 20. Qf3 Nge8 21. Rae1 Qc7 22. Kg1 c5 23. d5 Ba4 24. Rc1 a6 25. Nd3 Bg7 26. e5 Nh7 27. Ne4 Qb6 28. Bc3 Qh6 29. Nexc5 Rxc5 30. Nxc5 Qb6 31. Qf2 Nd6 32. Nxa4 Qxf2+ 33. Rxf2 Nxc4 34. f6 exf6 35. exf6 Bh6 36. Bd4 b5 37. Nb6 Re8 38. Nxc4 bxc4 39. Rxc4 Bf8 40. Rfc2 1-0

[Event "Vitoria Espirito Sancto op"]
[Site "Vitoria"]
[Date "2006.12.??"]
[Round "1"]
[White "Bittencourt, Jorge Humberto M"]
[Black "Osorio Hatem, Jose Eustaquio"]
[Result "1-0"]
[WhiteElo "2426"]
[BlackElo "1969"]
[PlyCount "71"]
[EventDate "2006.12.??"]
[EventType "swiss"]
[EventRounds "7"]
[EventCountry "BRA"]
[SourceTitle "EXT 2014"]
[Source "ChessBase"]
[SourceDate "2013.11.20"]
[SourceVersion "1"]
[SourceVersionDate "2013.11.20"]
[SourceQuality "1"]

1. e4 c5 2. Nf3 d6 3. d4 cxd4 4. Nxd4 Nf6 5. Nc3 a6 6. Be3 e5 7. Nb3 Be6 8. Be2 Be7 9. 0-0 0-0 10. Qd2 Qc7 11. a4 Nc6 12. Nd5 Bxd5 13. exd5 Nd8 14. f3 Nh5 15. a5 f5 16. c4 Nf7 17. Rac1 f4 18. Bb6 Qd7 19. c5 Qf5 20. c6 bxc6 21. dxc6 Ng5 22. Bd3 Qf6 23. c7 Kh8 24. Bxa6 Qf5 25. c8Q Rfxc8 26. Bxc8 Rxc8 27. Rxc8+ Qxc8 28. Rc1 Qf5 29. Qc2 Qf6 30. a6 d5 31. Qc8+ Bf8 32. Bc5 Ne6 33. Bxf8 Nxf8 34. a7 Qb6+ 35. Nc5 Kg8 36. a8Q 1-0

[Event "Vitoria Espirito Sancto op"]
[Site "Vitoria"]
[Date "2006.12.??"]
[Round "5"]
[White "Osorio Hatem, Jose Eustaquio"]
[Black "Bonfim, Hudson Soares Do"]
[Result "1/2-1/2"]
[WhiteElo "1969"]
[BlackElo "1946"]
[PlyCount "54"]
[EventDate "2006.12.??"]
[EventType "swiss"]
[EventRounds "7"]
[EventCountry "BRA"]
[SourceTitle "EXT 2014"]
[Source "ChessBase"]
[SourceDate "2013.11.20"]
[SourceVersion "1"]
[SourceVersionDate "2013.11.20"]
[SourceQuality "1"]

1. e4 d6 2. d4 g6 3. Nc3 Bg7 4. h3 Nf6 5. Be3 0-0 6. Qd2 Re8 7. g4 c5 8. dxc5 dxc5 9. Qxd8 Rxd8 10. Bxc5 Nc6 11. Rd1 Be6 12. Rxd8+ Rxd8 13. Nf3 Nd7 14. Be3 Nb4 15. Bd3 Nxd3+ 16. cxd3 Ne5 17. Nxe5 Bxe5 18. Ke2 b6 19. Rc1 f5 20. gxf5 gxf5 21. f4 Bxc3 22. Rxc3 fxe4 23. dxe4 Bxh3 24. Ra3 Rd7 25. Kf3 h5 26. Rc3 Bg4+ 27. Kg3 e6 1/2-1/2

[Event "BRA CEAX op 3rd"]
[Site "Vitoria"]
[Date "2003.08.17"]
[Round "6"]
[White "Osorio Hatem, Jose Eustaquio"]
[Black "Cantarino Neto, Mario Ribeiro"]
[Result "0-1"]
[WhiteElo "1968"]
[BlackElo "2262"]
[PlyCount "56"]
[EventDate "2003.08.??"]
[EventType "swiss"]
[EventRounds "6"]
[EventCountry "BRA"]
[SourceTitle "EXT 2006"]
[Source "ChessBase"]
[SourceDate "2005.11.24"]
[SourceVersion "1"]
[SourceVersionDate "2005.11.24"]
[SourceQuality "1"]

1. e4 c5 2. Nf3 e6 3. d4 cxd4 4. Nxd4 Nc6 5. Nc3 Qc7 6. g3 a6 7. Bg2 Nf6 8. 0-0 Nxd4 9. Qxd4 Bc5 10. Qd3 d6 11. h3 Nd7 12. Bf4 Ne5 13. Bxe5 dxe5 14. Rad1 0-0 15. g4 b5 16. Ne2 Bb7 17. c3 Rad8 18. Qb1 Qb6 19. b4 Be7 20. Kh2 Bh4 21. Ng3 g6 22. Qc2 Qc7 23. Rd3 Qc4 24. Rxd8 Rxd8 25. Re1 Qd3 26. Qc1 Qd2 27. a4 Qxf2 28. Nh1 Qxe1 0-1

[Event "BRA CEAX op 3rd"]
[Site "Vitoria"]
[Date "2003.08.16"]
[Round "2"]
[White "Osorio Hatem, Jose Eustaquio"]
[Black "Paixao, Fabio Anselmo"]
[Result "1-0"]
[WhiteElo "1968"]
[BlackElo "1721"]
[PlyCount "45"]
[EventDate "2003.08.??"]
[EventType "swiss"]
[EventRounds "6"]
[EventCountry "BRA"]
[SourceTitle "EXT 2006"]
[Source "ChessBase"]
[SourceDate "2005.11.24"]
[SourceVersion "1"]
[SourceVersionDate "2005.11.24"]
[SourceQuality "1"]

1. e4 e5 2. d4 exd4 3. Qxd4 Nc6 4. Qe3 d6 5. Nc3 Nf6 6. Bd2 Be7 7. 0-0-0 0-0 8. f4 d5 9. Qg3 dxe4 10. Bc4 Bd6 11. Nh3 Nh5 12. Qf2 Nf6 13. Ng5 h6 14. Ngxe4 Be7 15. h3 Qd4 16. Qe2 Nxe4 17. Nxe4 Bf5 18. Ng3 Qc5 19. Be3 Qa5 20. Rd5 Qa4 21. Nxf5 Bf6 22. Bd4 Nb4 23. Bb3 1-0

[Event "BRA CEAX op 2nd "]
[Site "Brazil"]
[Date "2003.07.06"]
[Round "5"]
[White "Osorio Hatem, Jose Eustaquio"]
[Black "Barros, Jose Patricio"]
[Result "1-0"]
[WhiteElo "1968"]
[BlackElo "1790"]
[PlyCount "59"]
[EventDate "2003.07.??"]
[EventType "swiss"]
[EventRounds "6"]
[EventCountry "BRA"]
[SourceTitle "EXT 2006"]
[Source "ChessBase"]
[SourceDate "2005.11.24"]
[SourceVersion "1"]
[SourceVersionDate "2005.11.24"]
[SourceQuality "1"]

1. e4 e5 2. d4 d6 3. dxe5 Be6 4. exd6 Bxd6 5. Nf3 Ne7 6. Nc3 0-0 7. e5 Bb4 8. Qxd8 Rxd8 9. Bd2 Ng6 10. Bd3 Ne7 11. 0-0 a6 12. a3 Bc5 13. Ne4 Nd7 14. Nxc5 Nxc5 15. Be2 Ng6 16. Rad1 Ne4 17. Be3 b6 18. Rxd8+ Rxd8 19. Bxa6 h6 20. Bd3 Nc5 21. Bxc5 bxc5 22. Bxg6 fxg6 23. Re1 Kf7 24. h3 g5 25. a4 Bf5 26. c3 Ke6 27. b4 Rd3 28. bxc5 Rxc3 29. Nd4+ Kd5 30. Nxf5 1-0

[Event "BRA CEAX op 1st "]
[Site "Brazil"]
[Date "2003.03.23"]
[Round "5"]
[White "Viana, Alexsandro Sampaio"]
[Black "Osorio Hatem, Jose Eustaquio"]
[Result "1/2-1/2"]
[WhiteElo "1825"]
[BlackElo "2049"]
[PlyCount "56"]
[EventDate "2003.03.21"]
[EventType "swiss"]
[EventRounds "6"]
[EventCountry "BRA"]
[SourceTitle "EXT 2006"]
[Source "ChessBase"]
[SourceDate "2005.11.24"]
[SourceVersion "1"]
[SourceVersionDate "2005.11.24"]
[SourceQuality "1"]

1. d4 Nf6 2. c4 g6 3. Nc3 Bg7 4. e4 d6 5. f3 0-0 6. Be3 e5 7. d5 Nh5 8. Qd2 f5 9. exf5 gxf5 10. 0-0-0 f4 11. Bf2 Bd7 12. Bd3 Na6 13. Nge2 b6 14. Rdg1 Nc5 15. Bxc5 bxc5 16. g4 Nf6 17. h4 Rb8 18. Ne4 Nxe4 19. Bxe4 Rb4 20. Qc2 h6 21. h5 Qg5 22. a3 Ba4 23. Qc3 Rb7 24. Qa5 Bb3 25. Nc3 Bxc4 26. Rg2 Rfb8 27. Qa4 Bb5 28. Nxb5 Rxb5 1/2-1/2